El empleo de la creatividad en la promomoción de los servicios de las bibliotecas : una experiencia institucional (Record no. 67665)

MARC details
000 -CABECERA
campo de control de longitud fija 00723nam a2200217 a 4500
005 - FECHA Y HORA DE LA ÚLTIMA TRANSACCIÓN
campo de control 20210219153053.0
008 - ELEMENTOS DE LONGITUD FIJA--INFORMACIÓN GENERAL
campo de control de longitud fija 991125n 000 0 spa u
035 ## - NÚMERO DE CONTROL DEL SISTEMA
Número de control de sistema UPN01000075851
100 1# - ASIENTO PRINCIPAL--NOMBRE PERSONAL
Nombre de persona Aguilar Fernández, Victor Manuel
222 ## - TÍTULO CLAVE
Título clave REVISTA DE LA UNIVERSIDAD AUTONOMA DE YUCATAN
245 ## - MENCIÓN DE TÍTULO
Título El empleo de la creatividad en la promomoción de los servicios de las bibliotecas : una experiencia institucional
300 ## - DESCRIPCIÓN FÍSICA
Extensión 101-105
362 0# - FECHAS DE PUBLICACIÓN Y/O DESIGNACIÓN SECUENCIAL
Fecha de publicación y/o designación secuencial 1994 Vol. 9, no. 188, (ene.-mar.)
653 0# - TERMINO DE INDIZACION - NO CONTROLADO
Término no controlado BIBLIOTECAS UNIVERSITARIAS
653 0# - TERMINO DE INDIZACION - NO CONTROLADO
Término no controlado DIFUSION CULTURAL
653 0# - TERMINO DE INDIZACION - NO CONTROLADO
Término no controlado PROMOCION BIBLIOTECARIA
653 0# - TERMINO DE INDIZACION - NO CONTROLADO
Término no controlado CREATIVIDAD
653 0# - TERMINO DE INDIZACION - NO CONTROLADO
Término no controlado SERVICIOS BIBLIOTECARIOS
904 ## - ELEMENTOS DE DATOS D LOCAL, LDD (RLIN)
a AC
b 013662
905 ## - TIPO DE MATERIAL
Tipo de material Articulo

No items available.